| 000 | 01451nam0a2200337 4500 | ||
|---|---|---|---|
| 001 | RU\NLR\BIBL_A\022503153 | ||
| 005 | 20250625122850.0 | ||
| 010 |
_a978-5-907906-88-4 _9500 |
||
| 021 |
_aRU _bКН-П-25-003017 _9КН-П-25-0292 |
||
| 035 | _a(NLR Aleph) 022503153 | ||
| 090 |
_a13427774 _c13427774 |
||
| 100 | _a20250326d2024 k y0rusy50 ca | ||
| 101 | 0 | _arus | |
| 102 | _aRU | ||
| 105 | _aa|||z|||000yy | ||
| 181 | 0 |
_ai3 _baxxe |
|
| 182 | 0 | _an | |
| 200 | 1 |
_aРазвитие страхового рынка в условиях санкционных ограничений _eмонография _fО. А. Окорокова _gМинистерство сельского хозяйства Российской Федерации, ФГБОУ ВО "Кубанский государственный аграрный университет имени И. Т. Трубилина" |
|
| 203 |
_aТекст _bвизуальный _cнепосредственный |
||
| 210 |
_aКраснодар _cКубГАУ _d2024 |
||
| 215 |
_a96 _d20 |
||
| 320 | _aБиблиогр.: с. 91-95 (41 назв.) | ||
| 606 | 1 |
_aСтрахование _xРыночные отношения _92595885 _3RU\NLR\AUTH\661533792 |
|
| 686 | 1 | _aУ26(0)31 | |
| 686 | 1 | _aУ26(2)31(2Р) | |
| 700 | 1 |
_aОкорокова _bО. А. _gОльга Алексеевна |
|
| 942 | _cBOOK | ||
| 980 | _aNB | ||
| 980 | _aNB | ||